[Event "AUTO-INT-2050"]
[Site "http://www.queenalice.com/game.php?id=945171"]
[Date "2011.6.1"]
[Round "1"]
[White "Gaberade"]
[Black "marcioleijoto"]
[Result "0-1"]
[WhiteElo "1446"]
[BlackElo "1635"]

1. e4 e5 2. Nf3 d6 3. d4 Nc6 4. Bb5 Qe7 5. dxe5 dxe5 6. Qd5 f6 7. Bxc6+ Bd7 8.
Bxb7 Rb8 9. O-O c6 10. Bxc6 Bxc6 11. Qxc6+ Qd7 12. Qc4 Rc8 13. Qe2 Bc5 14. Rd1
Qe6 15. Be3 Ne7 16. Qb5+ Qc6 17. Qd3 O-O 18. Bxc5 Qxc5 19. Qd7 Rcd8 20. Qe6+ Kh8
21. Nfd2 Qxc2 22. Rf1 Qxb2 23. Nb3 Qc2 24. Qxe7 h5 25. Nc5 Rde8 26. Qxa7 Rc8 27.
Qe7 Rg8 28. Ne6 Qc1 29. f4 Qe3+ 30. Kh1 Qe2 31. Na3 Rc3 32. Rae1 Qxa2 33. Nb5
Rc2 34. Rd1 Rxg2 35. Rf2 Rxf2 36. Kg1 Rg2+ 37. Kf1 Qf2# 0-1

[Event "AUTO-INT-2050"]
[Site "http://www.queenalice.com/game.php?id=945172"]
[Date "2011.6.1"]
[Round "1"]
[White "marcioleijoto"]
[Black "Gaberade"]
[Result "1-0"]
[WhiteElo "1607"]
[BlackElo "1449"]

1. e4 c6 2. d4 d5 3. e5 Bf5 4. Nf3 e6 5. Be3 Bb4+ 6. c3 Qa5 7. cxb4 Qxb4+ 8.
Nbd2 Qxb2 9. Be2 Bc2 10. O-O Bxd1 11. Rfxd1 f6 12. Rdb1 Qc3 13. Nb3 a5 14. Nc5
Na6 15. Nxe6 Nb4 16. Nc7+ Kd7 17. Nxa8 Nc2 18. Rxb7+ Kc8 19. Rab1 Nb4 20. Rxg7
Qc2 21. Nd2 Kb8 22. Nc7 Kc8 23. Ba6+ Kd8 24. Ne6+ Ke8 25. h4 Ne7 26. exf6 Nd3
27. Rxe7# 1-0

[Event "AUTO-INT-2050"]
[Site "http://www.queenalice.com/game.php?id=945183"]
[Date "2011.6.1"]
[Round "1"]
[White "MarcosT"]
[Black "marcioleijoto"]
[Result "1-0"]
[WhiteElo "1651"]
[BlackElo "1642"]

1. e4 e5 2. Bc4 Nf6 3. d4 d5 4. exd5 e4 5. Nc3 Bf5 6. Be3 g6 7. Qd2 Ng4 8. Bg5
Qd6 9. O-O-O Bg7 10. Nb5 Qd7 11. Bf4 Na6 12. a3 O-O 13. h3 Nf6 14. f3 Nxd5 15.
Bxd5 Qxd5 16. Nc3 Qe6 17. fxe4 Bxe4 18. Re1 f5 19. Nf3 Qd7 20. Ne5 Bxe5 21. Bxe5
c5 22. Qh6 cxd4 23. Nb5 Rae8 24. Bxd4 Qxb5 25. Qg7# 1-0

[Event "AUTO-INT-2050"]
[Site "http://www.queenalice.com/game.php?id=945184"]
[Date "2011.6.1"]
[Round "1"]
[White "marcioleijoto"]
[Black "MarcosT"]
[Result "0-1"]
[WhiteElo "1622"]
[BlackElo "1680"]

1. e4 e5 2. Nf3 Nc6 3. d4 exd4 4. Nxd4 Bc5 5. Be3 Qf6 6. Nxc6 Bxe3 7. fxe3 Qxc6
8. Nc3 a6 9. Qf3 d6 10. Bd3 Nf6 11. O-O-O Bg4 12. Qg3 Bxd1 13. Rxd1 O-O-O 14.
Qh3+ Kb8 15. Qf3 h5 16. h3 g5 17. Qxf6 g4 18. Nd5 Qc5 19. Kd2 g3 20. c3 c6 21.
b4 Qa7 22. Ne7 a5 23. e5 dxe5 24. Qxe5+ Ka8 25. Nf5 Rhe8 26. Qxg3 axb4 27. cxb4
Qxa2+ 28. Kc3 Qa3+ 29. Kc4 Qa2+ 30. Kc5 Rd5+ 31. Kb6 Qa7+ 32. Kc7 b5+ 33. Kxc6
Qb7# 0-1

[Event "AUTO-INT-2050"]
[Site "http://www.queenalice.com/game.php?id=945189"]
[Date "2011.6.1"]
[Round "1"]
[White "jjlamanga"]
[Black "marcioleijoto"]
[Result "1-0"]
[WhiteElo "2043"]
[BlackElo "1637"]

1. d4 d5 2. c4 Nf6 3. cxd5 Nxd5 4. e4 Nf6 5. Nc3 e6 6. Nf3 g6 7. Bc4 Bg7 8. Be3
Ng4 9. Bg5 Qd6 10. h3 Nf6 11. e5 Qb4 12. exf6 Bf8 13. Qe2 Bd6 14. d5 a6 15. dxe6
fxe6 16. Bxe6 Bxe6 17. Qxe6+ Kd8 18. f7+ Be7 19. O-O-O+ 1-0

[Event "AUTO-INT-2050"]
[Site "http://www.queenalice.com/game.php?id=945190"]
[Date "2011.6.1"]
[Round "1"]
[White "marcioleijoto"]
[Black "jjlamanga"]
[Result "0-1"]
[WhiteElo "1619"]
[BlackElo "2043"]

1. e4 c6 2. d4 d5 3. e5 Bf5 4. Nf3 e6 5. Be2 c5 6. Be3 Qb6 7. b3 Nc6 8. a4 cxd4
9. Bxd4 Bxc2 10. Bxb6 Bxd1 11. Bxd1 Bb4+ 12. Nbd2 axb6 13. O-O Nge7 14. Bc2 Ng6
15. g3 Ngxe5 16. Nxe5 Nxe5 17. Rad1 Bxd2 18. Rxd2 Nf3+ 19. Kh1 Nxd2 20. Rd1 Nf3
21. Bd3 Nd4 22. b4 Rxa4 23. Rc1 Kd7 24. Kg2 Rxb4 25. Rb1 Rxb1 26. Bxb1 e5 0-1

[Event ";)"]
[Site "http://www.queenalice.com/game.php?id=945315"]
[Date "2011.6.2"]
[Round "-"]
[White "marcioleijoto"]
[Black "Mr_SPOCK"]
[Result "1-0"]
[WhiteElo "1621"]
[BlackElo "1609"]

1. e4 e5 2. Nf3 Nc6 3. Bb5 Bc5 4. Bxc6 dxc6 5. Nxe5 Qf6 6. Nf3 Bg4 7. d4 Bb4+ 8.
c3 Ba5 9. b4 Bb6 10. Nbd2 O-O-O 11. O-O Qg6 12. Nc4 Nf6 13. h3 Bxh3 14. Nh4 Qxe4
15. Nf3 Qg4 16. Ne3 Qg6 17. Ne5 Qg5 18. Nxf7 Qg6 19. Nxh8 Nd5 20. Nxg6 Nxc3 21.
Qf3 Be6 22. Nf4 Rxd4 23. Nxe6 Ne2+ 24. Qxe2 Re4 25. Nxg7 c5 26. Qf3 Re7 27. Rd1
c6 28. Qf8+ Bd8 29. Qxd8# 1-0

[Event "AUTO-INT-2051"]
[Site "http://www.queenalice.com/game.php?id=945615"]
[Date "2011.6.3"]
[Round "1"]
[White "Macal"]
[Black "marcioleijoto"]
[Result "1-0"]
[WhiteElo "1243"]
[BlackElo "1637"]

1. e4 e5 2. Nf3 Nc6 3. Bc4 h6 4. d4 Bd6 5. dxe5 Nxe5 6. Nxe5 Bxe5 7. Qd5 Qf6 8.
f4 Bxf4 9. O-O g5 10. g3 Ne7 11. Qd3 Qb6+ 12. Kh1 Bxc1 13. Bxf7+ Kd8 14. Rxc1 d6
15. Nd2 Bh3 16. g4 Bxg4 17. Rg1 Qxb2 18. Nc4 Qf6 19. Raf1 Qxf1 20. Rxf1 Bh3 21.
Qxh3 c5 22. Nxd6 Kc7 23. Nb5+ Kc6 24. c4 a6 25. Qe6# 1-0

[Event "AUTO-INT-2051"]
[Site "http://www.queenalice.com/game.php?id=945616"]
[Date "2011.6.3"]
[Round "1"]
[White "marcioleijoto"]
[Black "Macal"]
[Result "1-0"]
[WhiteElo "1617"]
[BlackElo "1273"]

1. e4 e6 2. e5 d5 3. d4 Nc6 4. Nf3 h6 5. a3 a6 6. Be2 Be7 7. Be3 f6 8. Bf4 fxe5
9. Nxe5 Nxe5 10. Bxe5 Bf6 11. Bxf6 Nxf6 12. Nd2 Qd6 13. h3 Bd7 14. Nf3 O-O 15.
O-O Bb5 16. Bxb5 axb5 17. b4 b6 18. Ne5 c5 19. Ng6 Rf7 20. dxc5 bxc5 21. Re1 Ne4
22. Qe2 cxb4 23. axb4 Rxa1 24. Rxa1 Kh7 25. Nh4 g5 26. Nf3 Qxb4 27. Ne5 Rxf2 28.
Qh5 Rf6 29. Ra7+ Kg8 30. Qe8+ Rf8 31. Qxe6+ Kh8 32. Ng6# 1-0

[Event "AUTO-INT-2051"]
[Site "http://www.queenalice.com/game.php?id=945631"]
[Date "2011.6.3"]
[Round "1"]
[White "rumplestiltskin"]
[Black "marcioleijoto"]
[Result "1-0"]
[WhiteElo "1282"]
[BlackElo "1619"]

1. e4 e5 2. f4 d6 3. Bc4 Nf6 4. Nc3 g6 5. Nf3 Bg4 6. Nd5 Nxe4 7. d3 Bxf3 8. Qxf3
f5 9. dxe4 exf4 10. Bxf4 c6 11. Ne3 Bg7 12. c3 Nd7 13. exf5 gxf5 14. O-O d5 15.
Qh5+ Kf8 16. Bd6+ Kg8 17. Nxd5 Ne5 18. Nf6# 1-0

[Event "AUTO-INT-2051"]
[Site "http://www.queenalice.com/game.php?id=945632"]
[Date "2011.6.3"]
[Round "1"]
[White "marcioleijoto"]
[Black "rumplestiltskin"]
[Result "0-1"]
[WhiteElo "1604"]
[BlackElo "1470"]

1. e4 c5 2. d4 cxd4 3. Qxd4 Nc6 4. Qd1 e5 5. Nf3 d6 6. Bb5 Be7 7. Be3 Nf6 8. c3
O-O 9. Nbd2 a6 10. Bxc6 bxc6 11. O-O h6 12. Nc4 Rb8 13. b4 Ng4 14. h3 Nf6 15.
Ncd2 Bb7 16. Qc2 c5 17. a3 Nd7 18. Nc4 cxb4 19. axb4 Nf6 20. Nh4 Nxe4 21. Nf5
Bg5 22. Nfxd6 Nxd6 23. Rad1 Be7 24. Bc5 Be4 25. Qe2 Bxg2 26. Kxg2 f6 27. Nxd6
Bxd6 28. Bxd6 Qb6 29. Bxf8 Kxf8 30. Qa2 f5 31. Kg1 Qg6+ 32. Kh2 Re8 33. Qa3 f4
34. b5+ Kg8 35. bxa6 Ra8 36. a7 Qf7 37. Rd6 Rxa7 38. Rd8+ Kh7 39. Qb2 Rb7 40.
Qc2+ g6 41. Re1 f3 42. Rxe5 Qf4+ 43. Kg1 Qxe5 44. Qa2 Qg5+ 45. Kf1 Qc1+ 0-1

[Event "AUTO-INT-2051"]
[Site "http://www.queenalice.com/game.php?id=945643"]
[Date "2011.6.3"]
[Round "1"]
[White "marcioleijoto"]
[Black "jmsteinfeld"]
[Result "1-0"]
[WhiteElo "1626"]
[BlackElo "1543"]

1. e4 e5 2. Nf3 f6 3. d4 exd4 4. Nxd4 b6 5. Nc3 Bb4 6. Ne2 Bb7 7. Ng3 Bxc3+ 8.
bxc3 Na6 9. Ba3 d6 10. Bd3 Nc5 11. Nf5 Ne6 12. Bc4 Qd7 13. Bxd6 cxd6 14. Nxd6+
Kf8 15. Nxb7 Qxd1+ 16. Rxd1 Nc5 17. Nxc5 bxc5 18. O-O Nh6 19. Rd7 g5 20. Rfd1
Re8 21. Rxa7 Rxe4 22. f3 Re7 23. Rd8+ Re8 24. Rdd7 1-0

[Event "AUTO-INT-2051"]
[Site "http://www.queenalice.com/game.php?id=945644"]
[Date "2011.6.3"]
[Round "1"]
[White "jmsteinfeld"]
[Black "marcioleijoto"]
[Result "1/2-1/2"]
[WhiteElo "1555"]
[BlackElo "1606"]

1. e4 e5 2. Nf3 Nc6 3. Bb5 b6 4. Bxc6 dxc6 5. d4 Bb7 6. O-O Be7 7. dxe5 Nh6 8.
Bxh6 Qxd1 9. Rxd1 gxh6 10. Nc3 Rd8 11. Rxd8+ Kxd8 12. Rd1+ Kc8 13. a3 c5 14. Nd5
Bxd5 15. exd5 c4 16. d6 cxd6 17. exd6 Bf6 18. d7+ Kc7 19. c3 Rd8 20. g3 Rxd7 21.
Rxd7+ Kxd7 22. Kf1 a5 23. Ke2 Kd6 24. Ke3 Kd5 25. h4 Be7 26. Nd2 Bc5+ 27. Kf3 b5
28. Ke2 b4 29. axb4 axb4 30. cxb4 Bxb4 1/2-1/2

[Event ":("]
[Site "http://www.queenalice.com/game.php?id=948177"]
[Date "2011.6.10"]
[Round "-"]
[White "Mr_SPOCK"]
[Black "marcioleijoto"]
[Result "0-1"]
[WhiteElo "1608"]
[BlackElo "1619"]

1. e4 e5 2. Nf3 d6 3. Bb5+ Bd7 4. Nc3 c6 5. Bc4 b5 6. Be2 Be6 7. d4 Nd7 8. Bg5
Ndf6 9. dxe5 dxe5 10. Nxe5 Qb6 11. a4 Rd8 12. Bd3 b4 13. a5 Qc5 14. Nxc6 Qxc6
15. Bb5 Rxd1+ 16. Rxd1 Qxb5 17. Nxb5 Be7 18. Nc7+ Kf8 19. e5 Ne4 20. Be3 g5 21.
Bxa7 b3 22. cxb3 Bxb3 23. Rd3 Bb4+ 24. Ke2 Bc4 25. a6 Kg7 26. Bd4 Nc5 27. e6+ f6
28. Rc1 Bxd3+ 29. Kf3 Nb3 30. Ne8+ Kg6 31. Rd1 Nxd4+ 32. Kg3 Nf5+ 33. Kh3 Be2
34. f3 Bxd1 35. a7 Kh5 36. g4+ Kh6 37. gxf5 Bxf3 38. Kg3 Bc6 39. h4 Be1+ 40. Kg4
Ne7 41. Nxf6 Rd8 42. hxg5+ Kg7 43. Nh5+ Kf8 44. f6 Rd4+ 45. Nf4 Ng6 46. e7+ Kf7
47. Kf5 Rxf4# 0-1

[Event ":(("]
[Site "http://www.queenalice.com/game.php?id=950543"]
[Date "2011.6.16"]
[Round "-"]
[White "marcioleijoto"]
[Black "Mr_SPOCK"]
[Result "1/2-1/2"]
[WhiteElo "1643"]
[BlackElo "1618"]

1. e4 e5 2. Nf3 Nc6 3. d4 Qe7 4. d5 Qb4+ 5. Bd2 Qxe4+ 6. Qe2 Qxc2 7. dxc6 d6 8.
Qb5 Qe4+ 9. Be2 bxc6 10. Qb3 d5 11. Nc3 Qf5 12. Ng5 Be7 13. Nf3 Nf6 14. O-O Qh5
15. Nd4 Ng4 16. Bxg4 Qxg4 17. Nxc6 O-O 18. Nxe7+ Kh8 19. Nxc8 Raxc8 20. Qxd5
Rcd8 21. Qxe5 Rxd2 22. h3 Qg6 23. Nb5 Rd3 24. f3 f6 25. Qxc7 h5 26. Qxa7 Rd2 27.
Rf2 Rd5 28. Nc3 Rg5 29. Ne4 Rg3 30. Nxg3 Qxg3 31. b4 g5 32. Rd1 Rg8 33. Rfd2 g4
34. Rd8 gxh3 35. Rxg8+ Qxg8 36. Rd2 h4 37. b5 h2+ 38. Kxh2 Qg3+ 39. Kg1 Qe1+ 40.
Kh2 Qxd2 41. b6 Qd6+ 42. Kg1 Qd1+ 43. Kh2 Qd6+ 44. Kg1 Qd1+ 45. Kh2 Qd6+ 1/2-1/2

[Event "QA-ANNIV-07"]
[Site "http://www.queenalice.com/game.php?id=950708"]
[Date "2011.6.16"]
[Round "1"]
[White "marcioleijoto"]
[Black "drd123"]
[Result "0-1"]
[WhiteElo "1608"]
[BlackElo "2067"]

1. e4 e5 2. Nf3 Nc6 3. d4 exd4 4. Nxd4 Bc5 5. Nxc6 Qf6 6. Be3 Bxe3 7. fxe3 Qh4+
8. g3 Qxe4 9. Rg1 Qxe3+ 10. Qe2 Qxe2+ 11. Bxe2 dxc6 12. Nc3 Nf6 13. O-O-O Be6
14. Rge1 O-O 0-1

[Event ":/"]
[Site "http://www.queenalice.com/game.php?id=952292"]
[Date "2011.6.21"]
[Round "-"]
[White "Mr_SPOCK"]
[Black "marcioleijoto"]
[Result "1-0"]
[WhiteElo "1620"]
[BlackElo "1639"]

1. e4 e5 2. Nf3 Nc6 3. Bc4 g6 4. d4 d6 5. Bg5 Be7 6. Bb5 Bxg5 7. Nbd2 Bxd2+ 8.
Qxd2 Ne7 9. Qh6 Bg4 10. Ng5 f6 11. Nxh7 Kd7 12. Nxf6+ Kc8 13. Qg5 Bd7 14. dxe5
Nxe5 15. Bxd7+ Nxd7 16. Qg4 b6 17. O-O Rf8 18. Nxd7 Qxd7 19. Qxd7+ Kxd7 20. Rad1
Nc6 21. c4 Rae8 22. Rfe1 a5 23. a3 Ne5 24. c5 bxc5 25. g3 Nf3+ 26. Kf1 1-0

[Event "AUTO-INT-2029"]
[Site "http://www.queenalice.com/game.php?id=962108"]
[Date "2011.7.19"]
[Round "2"]
[White "roqqk38"]
[Black "marcioleijoto"]
[Result "1-0"]
[WhiteElo "1606"]
[BlackElo "1621"]

1. e4 e5 2. Nf3 d6 3. d3 Bg4 4. Be2 Bxf3 5. Bxf3 Nf6 6. O-O g6 7. c4 Bg7 8. Nc3
Nc6 9. Qa4 O-O 10. Be3 a6 11. c5 b5 12. Nxb5 axb5 13. Qxb5 Ne7 14. d4 c6 15. Qc4
d5 16. exd5 Nexd5 17. dxe5 Nh5 18. Rad1 Bxe5 19. Bxd5 cxd5 20. Rxd5 Qf6 21. b4
Rad8 22. c6 Bc7 23. Bg5 Qe6 24. Bxd8 Bxd8 25. Rfd1 Nf6 26. Rc5 Qxc4 27. Rxc4 Re8
28. c7 Bxc7 29. Rxc7 Nd5 30. Rc4 Nb6 31. Rcd4 1-0

[Event "AUTO-INT-2029"]
[Site "http://www.queenalice.com/game.php?id=962109"]
[Date "2011.7.19"]
[Round "2"]
[White "marcioleijoto"]
[Black "roqqk38"]
[Result "1-0"]
[WhiteElo "1604"]
[BlackElo "1623"]

1. e4 e5 2. d4 Nf6 3. Nc3 d5 4. Bg5 c6 5. Nf3 dxe4 6. Nxe4 Be7 7. dxe5 Nxe4 8.
Qxd8+ Bxd8 9. Bxd8 Kxd8 10. Bc4 f6 11. Bf7 Na6 12. e6 Nac5 13. Nd4 Ke7 14. Nf5+
Kf8 15. Rd1 Bxe6 16. Bxe6 Nxe6 17. O-O Re8 18. Rd7 Rg8 19. Rxb7 Ra8 20. Re1 Rd8
21. Ne7 Rh8 22. Nxc6 Rd2 23. f3 Rxc2 24. Nb4 Rxb2 25. Rxe4 Rb1+ 26. Kf2 Rb2+ 27.
Kg3 g5 28. Rxe6 a5 29. Rxf6+ Kg8 30. Rd6 1-0

[Event "AUTO-INT-2029"]
[Site "http://www.queenalice.com/game.php?id=962112"]
[Date "2011.7.19"]
[Round "2"]
[White "marcioleijoto"]
[Black "salso"]
[Result "0-1"]
[WhiteElo "1602"]
[BlackElo "2067"]

1. e4 e5 2. d4 exd4 3. Qxd4 Qf6 4. e5 Qb6 5. Qxb6 axb6 6. Nf3 d6 7. Nc3 Nc6 8.
exd6 Bxd6 9. Nd5 Be6 10. Nc3 Nb4 11. Bd3 Nxd3+ 12. cxd3 h6 13. Be3 Nf6 14. O-O
Nd5 15. Nb5 Nxe3 16. fxe3 Kd7 17. a3 f6 18. Rac1 c5 19. Nxd6 Kxd6 20. d4 Bd5 21.
Rcd1 Bxf3 22. dxc5+ Kxc5 23. gxf3 Rhd8 24. Rxd8 Rxd8 25. e4 Rd2 26. b4+ Kb5 27.
Rb1 Rd3 28. a4+ Kxa4 29. f4 Rd4 30. e5 fxe5 31. fxe5 Re4 0-1

[Event "AUTO-INT-2029"]
[Site "http://www.queenalice.com/game.php?id=962113"]
[Date "2011.7.19"]
[Round "2"]
[White "salso"]
[Black "marcioleijoto"]
[Result "1-0"]
[WhiteElo "2065"]
[BlackElo "1604"]

1. d4 d5 2. c4 Nf6 3. Nc3 dxc4 4. e3 Be6 5. Nf3 Nc6 6. e4 Nb4 7. Qa4+ Nc6 8. d5
Nxd5 9. exd5 Bxd5 10. Nxd5 Qxd5 11. Qxc4 Qa5+ 12. Bd2 Qf5 13. Qb5 Qxb5 14. Bxb5
e6 15. Ne5 Bc5 16. Rc1 Bd6 17. Rxc6 bxc6 18. Bxc6+ Ke7 19. Bxa8 Bxe5 20. Be4
Bxb2 21. Ke2 Rd8 22. Rb1 Be5 23. h3 f5 24. Bd3 g5 25. Bxg5+ Bf6 26. Bxf6+ Kxf6
27. Rb7 c5 28. Rxa7 h5 29. Ra6 Ke5 30. Bc4 Rd6 31. Rxd6 1-0